| 000 | 00792nam a2200265Ia 4500 | ||
|---|---|---|---|
| 003 | OSt | ||
| 005 | 20220924124302.0 | ||
| 006 | a|||||r|||| 00| 0 | ||
| 007 | ta | ||
| 008 | 220923b |||||||| |||| 00| 0 urd d | ||
| 020 | _a9788175875692 (pbk) | ||
| 020 | _cINR 105.00 | ||
| 024 | _a354052 | ||
| 037 |
_bTB4995, 29/12/2021, Technical Bureau India Pvt. Ltd. _cTextual |
||
| 040 |
_aARTS _cARTS _burd |
||
| 041 |
_2urd _aurd |
||
| 082 | _aT, 168G5;Q1 | ||
| 100 |
_aSayyedain K G Au. _9195387 |
||
| 245 | 0 | _aUsool-e-taleem | |
| 260 |
_aNew Delhi _b NCPUL India _c2011 |
||
| 300 |
_a406p. _ccm. |
||
| 650 | _aEDUCATION | ||
| 942 |
_hT, 168G5;Q1 _cTEXL _2CC |
||
| 999 |
_c419130 _d419130 |
||